Statistics for n町1村の合併による市制

Click here to take the quiz!

General Stats

  • This quiz has been taken 3 times
  • The average score is 35 of 98

Answer Stats

年月日所属郡合併後% Correct
2006/03/20安房郡富浦町
富山町
白浜町
千倉町
丸山町
和田町
三芳村南房総市
100%
2005/09/20仙北郡角館町
田沢湖町
西木村仙北市
100%
1954/05/01北多摩郡昭和町拝島村昭島市
100%
2005/03/22稲敷郡江戸崎町
新利根町
東町
桜川村稲敷市
100%
2006/03/27山武郡成東町
山武町
松尾町
蓮沼村山武市
100%
2004/10/01麻植郡鴨島町
川島町
山川町
美郷村吉野川市
100%
2005/03/01美馬郡脇町
美馬町
穴吹町
木屋平村美馬市
100%
2006/01/01宇陀郡大宇陀町
菟田野町
榛原町
室生村宇陀市
100%
2006/03/01香美郡土佐山田町
香北町
物部村香美市
100%
2006/01/01南津軽郡尾上町
平賀町
碇ケ関村平川市
100%
2005/04/01栗原郡築館町
若柳町
栗駒町
高清水町
一迫町
瀬峰町
鶯沢町
金成町
志波姫町
花山村栗原市
100%
1958/10/01宇土郡宇土町網田村宇土市(編入)
100%
2005/02/11阿蘇郡一の宮町
阿蘇町
波野村阿蘇市
100%
2006/03/20神埼郡神埼町
千代田町
脊振村神埼市
100%
2006/02/20中巨摩郡玉穂町
田富町
東八代郡
豊富村
中央市
100%
1961/04/01北佐久郡
南佐久郡
浅間町
野沢町
中込町
北佐久郡
東村
佐久市
100%
2006/03/27新田郡
山田郡
笠懸町
大間々町
勢多郡
東村
みどり市
100%
1987/11/30筑波郡谷田部町
豊里町
大穂町
新治郡
桜村
つくば市
100%
2004/03/01益田郡萩原町
小坂町
下呂町
金山町
馬瀬村下呂市
50%
2005/09/01北蒲原郡中条町黒川村胎内市
50%
1929/05/01三戸郡八戸町
小中野町
湊町
鮫村八戸市
50%
2004/02/01本巣郡本巣町
真正町
糸貫町
根尾村本巣市
50%
1954/04/01宝飯郡蒲郡町
三谷町
塩津村蒲郡市
50%
1943/06/01宝飯郡豊川町
牛久保町
国府町
八幡村豊川市
50%
1948/04/05碧海郡新川町
大浜町
棚尾町
旭村碧南市
50%
1950/01/01南那珂郡飫肥町
吾田町
油津町
東郷村日南市
50%
2006/04/01海部郡弥富町十四山村弥富市(編入)
50%
2005/01/01高島郡マキノ町
今津町
安曇川町
高島町
新旭町
朽木村高島市
50%
1934/05/01海草郡黒江町
内海町
日方町
大野村海南市
50%
1929/04/10吉敷郡山口町吉敷村山口市
50%
1921/08/01北宇和郡宇和島町八幡村宇和島市
50%
2006/03/01香美郡赤岡町
香我美町
野市町
夜須町
吉川村香南市
50%
1957/08/01根室郡根室町和田村根室市
50%
2003/04/01山県郡高富町
美山町
伊自良村山県市
50%
1954/04/01揖宿郡指宿町今和泉村指宿市
50%
1972/04/01鹿角郡花輪町
十和田町
尾去沢町
八幡平村鹿角市
50%
1972/04/01二戸郡福岡町金田一村二戸市
50%
2007/01/01安達郡本宮町白沢村本宮市
50%
1995/09/01鹿島郡鹿島町大野村鹿嶋市(編入)
50%
2005/03/01田村郡滝根町
大越町
常葉町
船引町
都路村田村市
50%
2006/03/27筑波郡伊奈町谷和原村つくばみらい市
50%
1954/02/11上都賀郡日光町小来川村日光市(編入)
50%
2004/11/01大原郡
飯石郡
大東町
加茂町
木次町
三刀屋町
掛合町
飯石郡
吉田村
雲南市
50%
2005/03/31勝田郡
英田郡
勝田町
大原町
美作町
作東町
英田町
英田郡
東粟倉村
美作市
50%
2005/10/01西茨城郡
真壁郡
岩瀬町
真壁町
真壁郡
大和村
桜川市
50%
2006/03/27東茨城郡小川町
美野里町
新治郡
玉里村
小美玉市
50%
1916/04/01川辺郡尼ヶ崎町立花村
(の一部)
尼崎市
50%
2004/04/01小県郡東部町北佐久郡
北御牧村
東御市
50%
2005/02/13北都留郡上野原町南都留郡
秋山村
上野原市
50%
2004/10/12東山梨郡
東八代郡
春日居町
石和町
御坂町
一宮町
八代町
東八代郡
境川村
笛吹市
50%
1959/06/01埴科郡
更級郡
屋代町
埴生町
稲荷山町
更級郡
八幡村
更埴市
50%
1947/03/15板野郡撫養町
鳴門町
瀬戸町
里浦村鳴南市
0%
1954/03/31石城郡湯本町磐崎村常磐市(編入)
0%
1942/05/20西牟婁郡田辺町下芳養村田辺市
0%
1951/04/01東臼杵郡富島町岩脇村日向市
0%
1924/04/01宮崎郡宮崎町
大淀町
大宮村宮崎市
0%
1948/04/01児島郡味野町
児島町
下津井町
本荘村児島市
0%
1954/05/31西国東郡豊後高田町田染村豊後高田市(編入)
0%
1954/03/31石城郡小名浜町
江名町
泉町
渡辺村磐城市
0%
1950/04/01北海部郡臼杵町海辺村臼杵市
0%
1953/06/01本吉郡気仙沼町
鹿折町
松岩村気仙沼市
0%
1949/04/01西白河郡白河町大沼村白河市
0%
1951/04/01北秋田郡大館町釈迦内村大館市
0%
1967/04/01東置賜郡宮内町
赤湯町
和郷村南陽市
0%
1937/06/01石城郡平町平窪村平市
0%
1942/07/01綾歌郡坂出町林田村坂出市
0%
1920/02/11越智郡今治町日吉村今治市
0%
1924/09/01安積郡郡山町小原田村郡山市
0%
2005/09/01岩手郡西根町
安代町
西根村八幡平市
0%
1959/03/01安芸郡室戸町
室戸岬町
吉良川町
佐喜浜町
羽根村室戸市
0%
1934/11/03東葛飾郡市川町
八幡町
中山町
国分村市川市
0%
1951/09/01赤穂郡赤穂町
坂越町
高雄村赤穂市
0%
1937/04/10田方郡熱海町多賀村熱海市
0%
1955/01/01三浦郡南下浦町
三崎町
初声村三浦市
0%
1954/03/10南蒲原郡加茂町下条村加茂市(編入)
0%
1933/02/11海上郡銚子町
本銚子町
西銚子町
豊浦村銚子市
0%
1937/04/01敦賀郡敦賀町松原村敦賀市
0%
1948/04/01南条郡武生町神山村武生市
0%
1954/09/30北足立郡鴻巣町常光村鴻巣市(編入)
0%
1959/05/01更級郡篠ノ井町塩崎村篠ノ井市
0%
1922/12/01入間郡川越町仙波村川越市
0%
1954/03/31下都賀郡小山町大谷村小山市
0%
1923/07/01駿東郡沼津町楊原村沼津市
0%
1941/04/29田方郡三島町錦田村三島市
0%
1942/06/01富士郡大宮町富丘村富士宮市
0%
1947/08/10田方郡伊東町小室村伊東市
0%
1954/04/01知多郡常滑町
鬼崎町
西浦町
大野町
三和村常滑市
0%
1954/06/01東春日井郡守山町志段味村守山市(編入)
0%
1955/01/01中島郡起町朝日村尾西市
0%
1954/11/01那珂郡勝田町佐野村勝田市(編入)
0%
1924/07/01橘樹郡川崎町
大師町
御幸村川崎市
0%
1956/04/01北河内郡住道町
四条町
南郷村大東市
0%
1940/11/10川辺郡伊丹町稲野村伊丹市
0%
1955/01/11中河内郡枚岡町
縄手町
石切町
孔舎衙村枚岡市
0%
1950/10/15武儀郡関町加茂郡
田原村
関市(編入)
0%
1954/06/01丹羽郡
葉栗郡
古知野町
布袋町
宮田町
葉栗郡
草井村
江南市
0%
1956/12/01豊能郡箕面町三島郡
豊川村
箕面市(編入)
0%
1954/04/01川辺郡宝塚町
武庫郡
良元村
宝塚市
0%

Score Distribution

Percentile by Number Answered

Percent of People with Each Score

Your Score History

You have not taken this quiz